000 00978cab a2200289 4500
001 WB3322-16
008 090401t1997 xxu||||| |||| 00| 0 eng d
035 _a(Sirsi) u78732
041 _aeng
245 _aPost-election housing boom
260 _c1997
350 _a0
490 _aGuardian
_v31 May 1997, 2
490 _aEvening Standard
_v2 June 1997, 1,12
490 _aIndependent
_v2 June 1997, 18
490 _aFinancial Times
_v3 June 1997, 11
490 _aDaily Telegraph
_v4 June 1997, 33(5)
520 _aExamines the surge in house prices after the election in May. Figures from the Nationwide and Halifax building societies show that recovery in the housing market is continuing.
650 _aCAMBRIDGE ECONOMETRICS
650 _aCOUNCIL OF MORTGAGE LENDERS
650 _aHALIFAX
650 _aHOUSE PRICES
650 _aNATIONWIDE
690 _aPROPERTY-RESIDENTIAL PROPERTY-RESIDENTIAL PROPERTY MARKET
942 _n0
948 _c04/06/1997
999 _c49493
_d49493